Organisk Kemi 2 (13 frågor) - Statistics

General Stats
  • This quiz has been taken 20 times
  • The average score is 5 of 12
Answer Stats
Question Answer % Correct
Substitution (Sn1 och Sn2) Nu + R-LG --> Nu-R + LG
75%
Sn1-reaktioner är: Reaktionshastigheten beroende av Koncentrationen
63%
Frågan står i första svaret :) 2
50%
I en E1-reaktion är Första steget hastighetsbestämmande
50%
Vid Eliminationsreaktioner skapas en: Dubbelbindning
38%
Polära Aprotiska Lösningsmedel Gynnar Sn2
38%
Nukleofiler: Lewis baser
38%
E1 konkurrerar: Sn1
38%
Vid Sn1 kommer substituenten att sätta sig på: Både samma och motsatt sid jfm LG
25%
Vid Sn2-reaktioner kommer en ___halid reagera snabbast Metyl
25%
Vad kommer påverka reaktionshastigheten för en Sn1-reaktion Mest Koncentrationen av Elektrofil
13%
Vid Sn1-reaktioner kommer gynnas av en ___halid Tetriär
13%
No matching quizzes found
Score Distribution
Percent of People with Each Score
Percentile by Number Answered
Your Score History
You have not taken this quiz